| 000 | 08244nam a22003857a 4500 | ||
|---|---|---|---|
| 001 | 0000518 | ||
| 003 | KOHA_MİRAKIL | ||
| 005 | 20260207001212.0 | ||
| 007 | ta | ||
| 008 | 081212b2007 tu |||gr||||#0|||1|tur | | ||
| 020 |
_a9789752956513 _cYTL19,190000000000001 |
||
| 040 |
_aTR-BiSEU _btur _cTR-BiSEU _erda |
||
| 041 | 0 | _atur | |
| 044 | _ctu | ||
| 050 |
_aPN4789 _b.A48 2007 |
||
| 100 | 1 | _aAlver, Füsun. | |
| 245 | 1 |
_aGazeteciliğin kurumsal temelleri/ _cFüsun Alver ; Füsun Alver. |
|
| 264 | 1 |
_aİstanbul : _bBeta Basım Yayın _c2007 |
|
| 300 | _a336 sayfa | ||
| 336 |
_ametin _btxt _2rdacontent |
||
| 337 |
_aaracısız _bn _2rdamedia |
||
| 338 |
_acilt _bnc _2rdacarrier |
||
| 490 | 1 | _aBeta yayın no. | |
| 490 | 1 |
_a ; _v1756. |
|
| 490 | 1 |
_aİletişim ; _v32. |
|
| 500 | _aKaynakça var. | ||
| 505 |
_aİÇİNDEKİLER _xA- GAZETECİLİK BİLİMİ VE GAZETECİLİK ARAŞTIRMALARI _x1- Tarihsel Süreçte Gazetecilik Biliminin Yapılanması 11 _x1.1- Gazetecilik Biliminin Temeli Olarak Gazete Bilgisi 12 _x1.2- Disiplinler arası Bilim Dalı Olarak Gazetecilik Bilimi 15 _x1.3- Gazetecilik Biliminde Kuram Oluşturma Çalışmaları 21 _x2- Gazetecilik Araştırmalarının Başlangıcı Ve Günümüzde Konumu 27 _x2.1- Gazeteciliğin Tarihsel Olarak Belirlenmesi Ve Gelişim Eğilimleri 27 _x2.1.1- 16. Ve 17. Yüzyıl: El İlanlarından Gazetecilik Üretimi _xOlarak Haber Parodilerine 28 _x2.1.2- 18-Yüzyıl: Öğüt Verici Gazetecilik 29 _x2.1.3- 19. Yüzyıl: Edebiyat Ve Gazetecilik Üretimlerinin _xSınırlarının Geçirgenliği 30 _x2.1.4- 20. Ve 21. Yüzyıl: Kurgu Ve Realitenin Biraradalığı 31 _x2.2- İlk Gazetecilik Çalışmaları: Klasik Yapıtlar 37 _x2.3- İkinci Dünya Savaşından Günümüze Gazetecilik _xBilimi Araştırmalarının Çerçevesi 44 _x2.3.1- Gazetecilik Bilimi Araştırma Alanları 45 _x2.3.1.1- Mikro Alan: Gazetecilik Eylemleri 45 _x2.3.1.2- Meso Alan: Örgütler Ve İlişkileri 45 _x2.3.1.3- Makro Alan: Gazetecilik Ve Toplum 46 _x2.4- 1960-2006 Yılları Arasında Gazetecilik Araştırmaları 47 _x2.5- Gazeteciliğin Kavramsal Olarak Belirlenmesi Ve _xBoyutlarının Sınırları 50 _xB- GAZETECİLİK KURAMLARI _x3- Normatif Bireycilik Yaklaşımı 63 _x3.1- Kari Bücher: Gazete Bilgisine İlişkin Toplu Çalışmalar 63 _x3.2- Otto Groth: Gazete Bilgisinin Sistemi 64 _x3.3- Emil Dovifat: Gazetecilik Tipleri 65 _x3.4- Walter Hagemann: Organizma Olarak Gazete 68 _x3.5- Normatif Bireycilik Yaklaşımının Eleştirel _xDeğerlendirilmesi 68 _x4- Haber Seçimi Araştırmaları Ve Kuramları 71 _x4.1- Haber Değeri Araştırmaları Ve Kuramı 71 _x4.1.1- ABD'de Haber Değeri Araştırmaları Ve Kuramı 71 _x4.1.2- Avrupa'da Haber Değeri Araştırmaları Ve Kuramı 74 _x4.1.3- Almanya'da Haber Değeri Araştırmaları Ve Kuramı 78 _x4.2- Kapı Bekçisi Araştırmaları 84 _x4.2.1- ABD'de Kapı Bekçisi Araştırmaları 85 _x4.2.2- Almanya'da Kapı Bekçisi Araştırmaları 88 _x4.3- Haberde Önyargı Araştırmaları Ve Araçsal _xAktüelleştirme 90 _x4.4- Haber Seçimi Kuramlarının Eleştirel Değerlendirilmesi 93 _x5- Sistem Kuramı Perspektifinden Gazetecilik Kuramı 97 _x5.1- Sistem Kuramı 97 _x5.2- Niklas Luhmann: Sosyal Sistem Olarak Medya 98 _x5.3- Sosyal Sistem Olarak Gazetecilik 104 _x5.3.1- Örgütlü Sosyal Sistem Olarak Gazete Redaksiyonu 106 _x5.3.2- Gazeteciliğin Soğan Olarak Tasarlanması 112 _x5.3.3- Gazetecilik Örgütleri, Gazetecilik Eylem Rolleri Ve _xGazetecilik Programları 117 _x5.4- Sistem Kuramı Perspektifli Gazetecilik Kuramının _xEleştirisi 121 _x6- Kültürel Çalışmalar Perspektifinden Gazetecilik _xKuramları 129 _x6.1- Kültürel Çalışmalarda Eleştirel Kuram Perspektifinden _xEgemen Söylem Olarak Gazeteciliğin Analizi 130 _x6.2- Kültürel Çalışmalarda Kültür Kuramı Perspektifinden _xGazeteciliğin Analizi 132 _x6.3- Kültürel Çalışmalarda Süreçsel Kuram _xPerspektifinden Gazeteciliğin Analizi 135 _x6.4- Kültürel Çalışmalarda Bağlam Ve Söylem Kuramı _xPerspektifinden Gazeteciliğin Analizi 139 _x6.5- Kültürel Çalışmalarda Konstrüktivist Kuram _xPerspektifinden Gazeteciliğin Analizi 141 _x6.6- Kültürel Çalışmalar Perspektifli Gazetecilik _xKuramlarının Eleştirel Değerlendirilmesi 149 _x7- Eleştirel Eylem Kuramı Perspektifinden Gazetecilik _xKuramı 153 _x7.1- Eylem Kuramının Temelleri 153 _x7.2- Jürgen Habermas: Yaşam Dünyası Ve Gazetecilik Eylemi 154 _x7.3- İletişimsel Eylem Olarak Gazetecilik 157 _x7.3.1- Medya İletişiminin Yapısı Ve İletişim Koşulları 161 _x7.3.2- Medya İletişiminin Türsel Yapıları 163 _x7.3.3- Medya İletişiminin Örgüt İlkesi 165 _x7.4- Eleştirel Eylem Kuramı Perspektifli Gazetecilik _xKuramının Eleştirel Değerlendirilmesi 167 _x8- Gazetecilik Kuram Tasarımı: Sosyal Alan Olarak Gazetecilik 169 _x8.1- Gazetecilik Meslek Kültürü 170 _x8.2- Sosyal Alan Olarak Gazetecilik 172 _x8.3- Sosyal Aktör Olarak Gazeteci Ve Eyleminin Yapısal Koşulları 176 _x8.4- Sosyal Alan Olarak Gazetecilik Tasarımının _xEleştirel Değerlendirilmesi 184 _x9- Gazetecilik Ve Ekonomi İlişkileri Kuramları 187 _x9.1- Ekonomi Bilimi Perspektifinden Gazetecilik Ve Ekonomi _xİlişkileri Kuramı 187 _x9.2- Sistem Kuramı Perspektifinden Gazetecilik Ve Ekonomi İlişkileri Kuramı 189 _x9.3- Medya Örgütünün Ticari Yöneliminin Gazeteciliğe Etkisi 191 _x9.4- Gazetecilik Ve Ekonomi İlişkileri Kuramlarının Eleştirel Değerlendirilmesi 196 _x10- Gazetecilik Ve Politika İlişkileri Kuramı 201 _x10.1- Politik Sistem 202 _x10.2- Gazetecilik Sistemi 205 _x10.3- Gazetecilik Ve Politika İlişkileri Kuramının Eleştirel Değerlendirilmesi 207 _x11- Gazetecilik Ve Halkla İlişkiler Çalışmaları İlişkileri Kuramları 213 _x11.1- Güdümleme Kuramı Perspektifinden Belirlemeci Yaklaşım 214 _x11.2- Eylem Kuramı Perspektifinden Karşılıklı Etki, _xYönelim Ve Bağımlılık Yaklaşımı 217 _x11.3- Sistem Kuramı Perspektifinden Karşılıklı Baskı Yaklaşımı 219 _x11.4- Gazetecilik Ve Halkla İlişkiler Çalışmaları _xİlişkileri Yaklaşımlarının Eleştirel Değerlendirilmesi 222 _x12- Ağ Temelli Medya İletişimi Kuramları 225 _x12.1- Meso Erişim Alanı Kuramları 225 _x12.2- Toplum Kuramları 227 _x12.3- Yeni İletişim Teknolojilerin Gazeteciliğin Dönüşümüne Etkisi 228 _x12.4- Ağ Temelli Medya İletişimi Kuramlarının Eleştirel Değerlendirilmesi 235 _x13- Gazetecilik Ve Okuyucu / İzleyici / Dinleyici İlişkileri Kuramları 239 _x13.1- Eleştirel Kuram Perspektifinden Gazetecilik Ve _xOkuyucu / İzleyici Ve Dinleyici İlişkilerinin Analizi 239 _x13.2- Sistem Kuramı Perspektifinden Gazetecilik Ve _xOkuyucu / İzleyici Ve Dinleyici İlişkilerinin Analizi 241 _x13.2.1- Sistem Kuramı Perspektifinden Kamuoyu, Gazetecilik Ve _xOkuyucu / İzleyici Ve Dinleyici İlişkilerinin Analizi 244 _x13.3- Kültürel Çalışmalar Perspektifinden Gazetecilik Ve _xOkuyucu / İzleyici Ve Dinleyici İlişkilerinin Analizi 246 _x13.4- Eleştirel Eylem Kuramı Perspektifinden Gazetecilik Ve _xOkuyucu / İzleyici Ve Dinleyici İlişkilerinin Analizi 248 _x13.5- Gazetecilik Ve Okuyucu / İzleyici / Dinleyici _xİlişkileri Kuramlarının Eleştirel Değerlendirilmesi 250 _x14- Gazetecilik Etiği Kuramları 255 _x14.1- Gazetecinin Bireysel Etiği Kuramı 258 _x14.2- Sistem Kuramı Perspektifinden Gazetecilik Etiği Kuramı 259 _x14.3- Gazetecilik Etiği Kuramlarının Eleştirel Değerlendirilmesi 259 _x15- Gazetecilikte Kalite Kuramları 263 _x15.1- Gazetecilik Kalitesinin Belirlenmesinde Diğer _xDisiplinlerin Katkıları 263 _x15.2- Gazetecilikte Kalite Araştırmaları 264 _x15.3- Gazetecilikte Kalite Kuramları 269 _x15.3.1- Aktör Ve Rol Kuramı Perspektifinden Gazetecilik Kalitesi Kuramı 269 _x15.3.2- Sistem Kuramı Perspektifinden Gazetecilik Kalitesi Kuramı 270 _x15.4- Gazetecilikte Temel Kalite Boyutları 273 _x15.5- Online Gazetecilikte Kalite 282 _x15.6- Gazetecilikte Kalite Kuramlarının Eleştirel _xDeğerlendirilmesi 284 _xSonuç 289 _xYararlanılan Kaynaklar 305 _xEK: Gazetecilikte Kalite Kuralları 333 _x _x |
||
| 650 | 0 |
_aGazetecilik. _92733 |
|
| 650 | 0 |
_aJournalism. _92734 |
|
| 830 | 1 |
_aBeta yayın no. _92735 |
|
| 830 | 1 |
_a ; _v1756. _91620 |
|
| 830 | 1 |
_aİletişim ; _v32. _92736 |
|
| 907 | _aOkuma Kitabı | ||
| 942 |
_2lcc _cBK |
||
| 999 |
_c519 _d519 |
||